Welcome to CU Library Online Public Access Catalogue (OPAC)

Tyndale's Old Testament : (Record no. 6671)

MARC details
000 -LEADER
fixed length control field 00676cam a2200181 a 4500
001 - CONTROL NUMBER
control field 598595
005 - DATE AND TIME OF LATEST TRANSACTION
control field 20250625105152.0
008 - FIXED-LENGTH DATA ELEMENTS--GENERAL INFORMATION
fixed length control field 910711s1992 ctuh b 000 0 eng
020 ## - INTERNATIONAL STANDARD BOOK NUMBER
International Standard Book Number 0300052111
050 00 - LIBRARY OF CONGRESS CALL NUMBER
Classification number BS140
Item number 1992
082 00 - DEWEY DECIMAL CLASSIFICATION NUMBER
Classification number 221.5/201
Edition information 20
245 10 - TITLE STATEMENT
Title Tyndale's Old Testament :
Remainder of title being the Pentateuch of 1530, Joshua to 2 Chronicles of 1537, and Jonah /
Statement of responsibility, etc. translated by William Tyndale ; in a modern spelling edition, and with an introduction by David Daniell.
260 ## - PUBLICATION, DISTRIBUTION, ETC.
Place of publication, distribution, etc. New Haven :
Name of publisher, distributor, etc. Yale University Press,
Date of publication, distribution, etc. c1992.
300 ## - PHYSICAL DESCRIPTION
Extent xxxvii, 643 p. :
Other physical details facsims. ;
Dimensions 27 cm.
700 1# - ADDED ENTRY--PERSONAL NAME
Personal name Tyndale, William,
Dates associated with a name -1536.
700 1# - ADDED ENTRY--PERSONAL NAME
Personal name Daniell, David.
942 ## - ADDED ENTRY ELEMENTS (KOHA)
Source of classification or shelving scheme Library of Congress Classification
Koha item type Books
Suppress in OPAC No
999 ## -
-- 6671
-- 6671
Holdings
Withdrawn status Lost status Source of classification or shelving scheme Damaged status Not for loan Collection Home library Current library Shelving location Date acquired Total checkouts Full call number Barcode Date last seen Copy number Price effective from Koha item type
    Library of Congress Classification     Non-fiction Undergraduate Library (Christ Temple) Undergraduate Library (Christ Temple) General stacks 06/25/2025   BS140 TYN ulct00003502 06/25/2025 1 06/06/2025 Books
© 2023-2024 Copyright: Central University Libraries. All Rights Reserved | Created by: Mahone Tech Office